Trau dồi kỹ năng tiếng Thái theo phương pháp mới, sơ cấp 1, tập 1

שמור ב:
מידע ביבליוגרפי
פורמט: ספר
תגים: הוספת תג
אין תגיות, היה/י הראשונ/ה לתייג את הרשומה!
Thư viện lưu trữ: Mạng thư viện Đại học Đà Nẵng
LEADER 00468nam a22001691a 4500
001 000036666
003 12961
005 20160412012706.0
008 160412s0 000
082 |a 4T(07)56 
245 |a Trau dồi kỹ năng tiếng Thái theo phương pháp mới, sơ cấp 1, tập 1  |c Siriyawapang 
OWN |a LNN 
999 |a From the UDN01 
TYP |a Monograph 
980 |a Mạng thư viện Đại học Đà Nẵng